Benjamin Harrison Trivia - Statistics

General Stats
  • This quiz has been taken 8 times
  • The average score is 7 of 10
Answer Stats
# Questions Answer % Correct
2 Who served as president both before and after Harrison? Grover Cleveland
100%
3 What US state was Harrison born in? Ohio
100%
5 What political party was Harrison a member of? Republican
100%
10 Harrison's ancestors included immigrant Benjamin Harrison, who arrived in what state in the 1600's? Virginia
100%
8 Who was Harrison's grandfather who also served aspresident? _______ Henry Harrison William
100%
4 What US state was Harrison senator of? Indiana
67%
7 Besides politician, what job did Harrison have? Lawyer
67%
6 What country did Harrison represent in 1899 in it's BritishGuyana border dispute? Venezuela
50%
1 Who was Harrison's vice president? Levi P. Morton
33%
9 What disease did Harrison die from? Influenza
17%
No matching quizzes found
Score Distribution
Percent of People with Each Score
Percentile by Number Answered
Your Score History
You have not taken this quiz